Obálka Náhled e-knihy:
PDF Epub
Pro půjčování e-knih musíte být přihlášeni.
Jak si půjčit online?

Poníci od stříbrné řeky. Divoká bouře /

Další příběh Poppy, která má s kamarádkou Scarlett strávit týdenní pobyt v centru jezdecké turistiky.

Uloženo v:
Série:Poníci od stříbrné řeky, část 3
Hlavní autor: Wills, Amanda (Autor)
Další autoři: Neumanová, Romana, 1967- (Autor)
Médium: E-kniha
Jazyk:Czech
Vydáno: Praha : Fragment, 2021
Vydání:1. vydání
Témata:
Příbuzné jednotky:Z cyklu:: Poníci od stříbrné řeky
Tagy:
Žádné tagy
LEADER 02766cam a2200517 i 4500
001 311291
003 CZ PrSKC
005 20260601215703.0
007 ta
008 210304s2021 xr c 000 f cze
015 |a cnb003310243 
020 |a 9788025349656  |q (vázáno) :  |c Kč 249,00 
035 |a (OCoLC)1250248655 
040 |a ABG001  |b cze  |d ABA001  |e rda 
041 1 |a cze  |h eng 
072 7 |a 821.111-3  |x Anglická próza, anglicky psaná  |2 Konspekt 
072 7 |a 821-93  |x Literatura pro děti a mládež (beletrie)  |2 Konspekt 
080 |a 821.111-31  |2 MRF 
080 |a 821-93  |2 MRF 
080 |a (0:82-31)  |2 MRF 
100 1 |a Wills, Amanda  |7 xx0240945  |4 aut 
240 1 0 |a Into the storm.  |l Česky 
245 1 0 |a Poníci od stříbrné řeky.  |p Divoká bouře /  |c Amanda Willsová ; z anglického originálu Into the storm ... přeložila Romana Kempná 
246 3 0 |a Divoká bouře 
250 |a 1. vydání 
264 1 |a Praha :  |b Fragment,  |c 2021 
300 |a 118 stran ;  |c 20 cm 
336 |a text  |b txt  |2 rdacontent 
337 |a bez média  |b n  |2 rdamedia 
338 |a svazek  |b nc  |2 rdacarrier 
500 |a Na hřbetu knihy označení: 3 
500 |a V roce 2022 dotisk 
520 2 |a Další příběh Poppy, která má s kamarádkou Scarlett strávit týdenní pobyt v centru jezdecké turistiky.  |b Pro Poppy měl být týden na koních uprostřed lesů životním zážitkem. Když jí přidělí ošklivého a tvrdohlavého poníka jménem Elegán, její nadšení se vytratí. Náladu jí nezlepší ani hloupá hádka se Scarlet, natož podezřelý muž, který se potlouká kolem stájí. Dřív, než Poppy přijde na to, co tam pohledává, strhne se prudká bouře, která ohrožuje všechny koně. Dokáže Poppy odvrátit blížící se neštěstí? Podaří se jí zachrání přátelství se Scarlett? Nakladatelská anotace. 
521 1 |a Pro čtenáře od 11 let 
655 7 |a anglické romány  |7 fd131814  |2 czenas 
655 7 |a publikace pro děti  |7 fd133156  |2 czenas 
655 9 |a English fiction  |2 eczenas 
655 9 |a children's literature  |2 eczenas 
700 1 |a Neumanová, Romana,  |d 1967-  |7 ola2003193804  |4 trl 
787 0 8 |i Z cyklu:  |t Poníci od stříbrné řeky  |g 3 
900 |a ABA001  |b 21 
928 9 |a Albatros Media - Fragment 
044 |a xr 
910 |a RBIT002 
998 |d 312372  |a https://core.palmknihy.cz/api/books/312372/cover?si80is  |b https://core.palmknihy.cz/api/books/312372/cover/400?si80is  |c https://core.palmknihy.cz/api/books/312372/cover/50?si80is  |e 2027-03-05  |g 120  |i 9788025349656  |j https://core.palmknihy.cz/api/books/312372/preview.epub  |k https://core.palmknihy.cz/api/books/312372/preview.pdf  |l   |q 49  |r 1  |s https://www.palmknihy.cz/kniha/312372  |t ebook  |y 2021  |z 0  |v Poníci od stříbrné řeky  |w 3 
999 |d 311289